Manual de patología médica / (Record no. 117940)
[ view plain ]
| 000 -LEADER | |
|---|---|
| campo de control de longitud fija | 01115nam a2200229 i 4500 |
| 001 - NÚMERO DE CONTROL | |
| campo de control | 117940 |
| 003 - IDENTIFICADOR DE NÚMERO DE CONTROL | |
| campo de control | ES-MaACL |
| 005 - FECHA Y HORA DE LA ÚLTIMA TRANSACCIÓN | |
| campo de control | 20250910063116.0 |
| 007 - CAMPO FIJO DE DESCRIPCIÓN FÍSICA--INFORMACIÓN GENERAL | |
| campo de control de longitud fija | t| |
| 008 - DATOS DE LONGITUD FIJA--INFORMACIÓN GENERAL | |
| campo de control de longitud fija | 070214m19641965sp r ||||1| spa d |
| 100 1# - ENTRADA PRINCIPAL--NOMBRE DE PERSONA | |
| Nombre de persona | Peláez Redondo, Julio, |
| Fechas asociadas al nombre | 1915-2001 |
| 9 (RLIN) | 130961 |
| 245 10 - MENCIÓN DEL TÍTULO | |
| Título | Manual de patología médica / |
| Mención de responsabilidad, etc. | Julio Peláez Redondo, A. Peña Yañez. |
| 260 ## - PUBLICACIÓN, DISTRIBUCIÓN, ETC. | |
| Lugar de publicación, distribución, etc. | Madrid : |
| Nombre del editor, distribuidor, etc. | Paz Montalvo, |
| Fecha de publicación, distribución, etc. | 1964-1965. |
| 300 ## - DESCRIPCIÓN FÍSICA | |
| Extensión | 4 v. : |
| Otras características físicas | il ; |
| Dimensiones | 25 cm. |
| 505 8# - NOTA DE CONTENIDO CON FORMATO | |
| Nota de contenido con formato | Contiene: v. 1. Aparato respiratorio, aparato circulatorio, intoxicaciones, enfermedades por agentes físicos (846 p.) -- v.2. Aparato digestivo, riñón (847 p.) -- v. 3. Sistema nervioso, sangre y órganos hematopoyéticos, aparato locomotor (871 p.) -- v. 4. Enfermedades infecciosas y parasitarias, enfermedades del metabolismo y de la nutrición, endocrinología, enfermedades del colágeno (907 p.) |
| 596 ## - NOTA AL PIE DE IMPRENTA | |
| NOTA AL PIE DE IMPRENTA | Vol. 3 publicado en 1965. |
| 650 04 - PUNTO DE ACCESO ADICIONAL DE MATERIA--TÉRMINO DE MATERIA | |
| Término de materia o nombre geográfico como elemento de entrada | Patología. |
| 9 (RLIN) | 15884 |
| 700 1# - ENTRADA AGREGADA--NOMBRE PERSONAL | |
| Nombre de persona | Peña Yáñez, Arsacio. |
| 9 (RLIN) | 90294 |
| 852 ## - LOCALIZACIÓN | |
| Ubicación | ES-MaACL |
| Número de control de estantería | F-2018-21 |
| Sublocalización o colección | R.55177 |
| 852 ## - LOCALIZACIÓN | |
| Ubicación | ES-MaACL |
| Número de control de estantería | P-1523 |
| Nota libre | .- Vol. 1 y 2 |
| Estatus retirado | Estado de pérdida | Estado de daño | No para préstamo | Biblioteca de origen | Biblioteca actual | Ubicación en estantería | Fecha de adquisición | Fuente de adquisición | Total de préstamos | Signatura topográfica completa | Código de barras | Visto por última vez | Precio de reemplazo | Tipo de ítem Koha |
|---|---|---|---|---|---|---|---|---|---|---|---|---|---|---|
| Biblioteca del Ateneo de Madrid | Biblioteca del Ateneo de Madrid | Depósito 2 | 14/07/2016 | P-1523 | 1195587 | 23/02/2023 | 23/02/2023 | Libro impreso | ||||||
| Biblioteca del Ateneo de Madrid | Biblioteca del Ateneo de Madrid | Depósito 2 | 17/01/2008 | F-2018-21 | 1122955 | 23/02/2023 | 23/02/2023 | Libro impreso |
